logo

Bir Sreshtho Munshi Abdur Rouf Library
Jhenaidah Cadet College

পদার্থবিজ্ঞান : (Record no. 10793)

MARC details
000 -LEADER
fixed length control field 01019nam a2200241 a 4500
001 - CONTROL NUMBER
JCCL Control Number 10793
003 - CONTROL NUMBER IDENTIFIER
JCCL marc code BD-JhCC
005 - DATE AND TIME OF LATEST TRANSACTION
control field 20220522134022.0
008 - FIXED-LENGTH DATA ELEMENTS--GENERAL INFORMATION
fixed length control field 190403s20132018bg a|||| |||| 000 0 ben d
035 ## - SYSTEM CONTROL NUMBER
system control number (BD-JhCC)10793
040 ## - CATALOGING SOURCE
Original cataloging agency BD-JhCC
Modifying agency BD-JhCC
041 ## - LANGUAGE CODE
Language code of Book eng
082 ## - DEWEY DECIMAL CLASSIFICATION NUMBER
Classification number 530
Author mark and Year KHA 2018
100 ## - MAIN ENTRY--PERSONAL NAME
Personal name খান, আমির হোসেন
245 ## - TITLE STATEMENT
Title পদার্থবিজ্ঞান :
Remainder of title দ্বিতীয় পত্র একাদশ-দ্বাদশ শ্রেণি /
Statement of responsibility, etc আমির হোসেন খান, মোহাম্মদ ইসহাক এবং মো. নজরুল ইসলাম
250 ## - EDITION STATEMENT
Edition statement ৫ম.
260 ## - PUBLICATION, DISTRIBUTION, ETC. (IMPRINT)
Place of publication, distribution, etc ঢাকা :
Name of publisher, distributor, etc আইডিয়াল বুকস,
Date of publication, distribution, etc ২০১৮.
300 ## - PHYSICAL DESCRIPTION
Pagination ৬৮৪ পৃ. :
Other physical details চিত্রাবলী সংযোজিত,
Dimensions ২১ সেমি.
650 ## - SUBJECT ADDED ENTRY--TOPICAL TERM
Topical term or geographic name as entry element Physics
700 ## - ADDED ENTRY--PERSONAL NAME
Personal name ইসহাক, মোহাম্মদ
700 ## - ADDED ENTRY--PERSONAL NAME
Personal name ইসলাম, মো. নজরুল
942 ## - ADDED ENTRY ELEMENTS (KOHA)
Source of classification or shelving scheme Dewey Decimal Classification
Koha item type Books
Koha issues (borrowed), all copies 11
Holdings
Source of classification or shelving scheme Damaged status Not for loan Home library Current library Shelving location Date of accession Cost, normal purchase price Total Checkouts Full call number Barcode Date last seen Date checked out Copy number Koha item type
Dewey Decimal Classification     JCC Rouf Library JCC Rouf Library General Stacks 04/03/2019 400.00 4 530 KHA 2018 14668 02/26/2025 01/19/2025 C-1 Books
Dewey Decimal Classification     JCC Rouf Library JCC Rouf Library General Stacks 04/03/2019 400.00   530 KHA 2018 14632 04/03/2019   C-2 Books
Dewey Decimal Classification     JCC Rouf Library JCC Rouf Library General Stacks 04/03/2019 400.00   530 KHA 2018 14631 04/04/2021   C-3 Books
Dewey Decimal Classification     JCC Rouf Library JCC Rouf Library General Stacks 08/29/2019 308.00 6 530 KHA 2019 15614 11/10/2024 11/05/2024 C-4 Books
Dewey Decimal Classification     JCC Rouf Library JCC Rouf Library General Stacks 08/29/2019 308.00 7 530 KHA 2019 15613 01/22/2025 11/24/2024 C-5 Books
Dewey Decimal Classification     JCC Rouf Library JCC Rouf Library General Stacks 08/29/2019 308.00 2 530 KHA 2019 15612 04/07/2025 05/22/2022 C-6 Books

JCC Library | Contacts | JCC Home

Last Update on 23 September 2017
Copyright @ 2017-2020 JCC Rouf Library
Rouf Library, Jhenidah Cadet College (JCC), Bangladesh